Normal view
MARC view
- Paine, Melanie
Entry Corporate Name
001 - CONTROL NUMBER
- control field: 88408
003 - CONTROL NUMBER IDENTIFIER
- control field: NUST
005 - DATE AND TIME OF LATEST TRANSACTION
- control field: 20220114153740.0
008 - FIXED-LENGTH DATA ELEMENTS
- fixed length control field: 220114|| aca||aabn | a|a d
040 ## - CATALOGING SOURCE
- Original cataloging agency: NUST
- Transcribing agency: NUST
110 ## - HEADING--CORPORATE NAME
- Corporate name or jurisdiction name as entry element: Paine, Melanie
670 ## - SOURCE DATA FOUND
- Source citation: Work cat.: (NUST): Clifton-Mogg, Caroline 88407, The Curtain Book : A Sourcebook For Distinctive Curtains, Drapes, And Shades For Your Home, 1988.
